00283nam a22000857a 4500008004100000022001400041040005500055245003100110260005600141230816b |||||||| |||| 00| 0 eng d a0970-3446 aNational Science LibrarycNational Science Library aEnergy environment monitor aNew Delhi: bTata Energy Research Institute, c1989